Statistics for Western Europe Cities Map Quiz

Click here to take the quiz!

General Stats

  • This quiz has been taken 163 times
  • The average score is 30 of 35

Answers on the Map

Answers color-coded by a green-red scale on the quiz's map according to % correct below.
 

Answer Stats

Answer% Correct
Glasgow
93%
London
93%
Dublin
91%
Cork
90%
Manchester
89%
Paris
89%
Helsinki
88%
Berlin
87%
Brussels
87%
Lisbon
87%
Madrid
87%
Stockholm
87%
Athens
86%
Barcelona
86%
Copenhagen
86%
Milan
86%
Nantes
86%
Rome
86%
The Hague
86%
Vienna
86%
Munich
85%
Oslo
85%
Inverness
84%
Frankfurt
83%
Ibiza
83%
Naples
83%
Newcastle
83%
Nice
83%
Bristol
82%
Hamburg
82%
Luxembourg
82%
Venice
82%
Geneva
80%
Thessaloniki
79%
Zurich
78%

Score Distribution

Percentile by Number Answered

Percent of People with Each Score

Your Score History

You have not taken this quiz